| 000 | 00631nam a2200181 a 4500 | ||
|---|---|---|---|
| 001 | 000029647 | ||
| 005 | 20200930055712.0 | ||
| 008 | 110415s1995 dr 000 0 spa d | ||
| 040 |
_aDO-SdBNP _bspa _cBNPHU |
||
| 082 |
_axxx _bC3978a |
||
| 110 | 2 |
_aCentro Nacional de Investigaciones en Salud Materno Infantil _955757 |
|
| 245 | 1 | 0 |
_aInfección por VIH, SIDA y Tuberculosis en la República Dominicana. / _ceditor Marcos Espinal. |
| 260 |
_aSanto Domingo : _bCENISMI, _c1995. |
||
| 300 |
_avi,11 p. ; _c28 cm. |
||
| 490 | 1 |
_aReuniones técnicas _v1 |
|
| 700 | 1 |
_aEspinal, Marcos _eed _955763 |
|
| 830 | 0 |
_aReuniones técnicas _v1 _955759 |
|
| 999 |
_c29139 _d29139 |
||